| 000 | 01337cam a2200277 4500 | ||
|---|---|---|---|
| 001 | ##L132732 | ||
| 008 | 060303n2006 000 0 eng u | ||
| 020 | _a0131298275 | ||
| 035 | _a(Sirsi) u132732 | ||
| 041 | 0 | _aeng | |
| 050 | 0 | 4 | _a692.8 $2 18 |
| 100 | 1 | _aAshworth, Allan | |
| 245 | 0 | 0 |
_aContractual procedures in the construction industry _h[electronic resource] |
| 250 | _a5th ed. | ||
| 260 |
_aHarlow _bPearson Education Limited _c2006 |
||
| 300 | _aeBook | ||
| 350 | _a30.99 | ||
| 505 | 2 | _aContract law -- Procurement -- Process and parties -- Standard form of building contract -- Subcontract conditions -- Other contract conditions. | |
| 520 | _aThis eBook covers principles involved in contractual and procurement arrangements in the construction industry. This new edition contains a number of chapters reflecting changes in procurement including health and safety management, partnering the supply chain, sustainability and "Constructing Excellence in the Built Environment". Aimed primarily at students, but also suitable for general practitioners. | ||
| 520 | _aSupercedes 4th edition (ISBN 0582432235). | ||
| 590 | _aIKA110406 | ||
| 650 | 2 | 4 | _aEBOOK |
| 690 |
_aProcurement _96260 |
||
| 856 | 4 | 8 |
_uhttps://www.vlebooks.com/ _zView on VLEbooks. Logins for members only from [email protected] |
| 942 | _n0 | ||
| 999 |
_c105225 _d105225 |
||